00562nam a2200181Ia 450000500170000000800410001708200130005810000420007124500470011326000590016030000120021965000100023165000120024165000110025394200060026495200950027099900150036520250123055029.0240331s9999 xx 000 0 und d bCELa920 aInternational leader and repesentives 0aCelebration of Neelan :bselected tributes aColombobInternational Centre For Ethnic Studiesc1999 a35 p ., aCivil aSociety aSocial cL 001040708LaWERCLbWERCLcSSCd2024-03-31l0o 920 CELp4147r2024-03-31w2024-03-31yL c3450d3450